000102808 001__ 102808 000102808 005__ 20210615081701.0 000102808 037__ $$aGDOC-2020-26429 000102808 041__ $$aspa 000102808 041__ $$aeng 000102808 100__ $$0(orcid)0000-0001-5700-6495$$1110346$$aArsenio Muñoz, Jiménez 000102808 24500 $$926429$$aAnálisis de cuencas 000102808 24200 $$926429$$aBasin Analysis 000102808 260__ $$aZaragoza$$bUniversidad de Zaragoza$$c2020-2021 000102808 521__ $$9114$$aGraduado en Geología$$bDegree in Geology 000102808 540__ $$aby-nc-sa$$bCreative Commons$$c3.0$$uhttp://creativecommons.org/licenses/by-nc-sa/3.0/ 000102808 700__ $$0(orcid)0000-0001-5700-6495$$1110346$$aArsenio Muñoz, Jiménez 000102808 830__ $$9296 000102808 830__ $$9588 000102808 8564_ $$s11637$$uhttps://zaguan.unizar.es/record/102808/files/guia-26429-en.pdf$$yGuide (english) 000102808 8564_ $$s18484$$uhttps://zaguan.unizar.es/record/102808/files/guia-26429-es.pdf$$yGuía (idioma español) 000102808 970__ $$aGDOC-2020-26429 000102808 980__ $$aGDOC$$bSciences$$bCiencias$$c100